MARC details
| 000 -LEADER |
| fixed length control field |
01595nam a2200397 a 4500 |
| 001 - CONTROL NUMBER |
| control field |
vtls000969934 |
| 003 - CONTROL NUMBER IDENTIFIER |
| control field |
NLI |
| 005 - DATE AND TIME OF LATEST TRANSACTION |
| control field |
20210627095156.0 |
| 008 - FIXED-LENGTH DATA ELEMENTS--GENERAL INFORMATION |
| fixed length control field |
120124s2007 miu e m 000 0 eng d |
| 020 ## - INTERNATIONAL STANDARD BOOK NUMBER |
| Terms of availability |
$100.05 |
| 039 #9 - LEVEL OF BIBLIOGRAPHIC CONTROL AND CODING DETAIL [OBSOLETE] |
| -- |
201201241635 |
| -- |
dipshikhap |
| 040 ## - CATALOGING SOURCE |
| Original cataloging agency |
NLI |
| Language of cataloging |
eng |
| 041 0# - LANGUAGE CODE |
| Language code of text/sound track or separate title |
eng |
| 044 ## - COUNTRY OF PUBLISHING/PRODUCING ENTITY CODE |
| MARC country code |
miu |
| 082 04 - DEWEY DECIMAL CLASSIFICATION NUMBER |
| Classification number |
362.82920954 |
| Edition number |
22 |
| 100 1# - MAIN ENTRY--PERSONAL NAME |
| Personal name |
Chattopadhyay, Sreeparna |
| 9 (RLIN) |
909731 |
| 245 10 - TITLE STATEMENT |
| Title |
Interrogating violence, uncovering silences : |
| Remainder of title |
investigating martial violence in India / |
| Statement of responsibility, etc. |
by Sreeparna Chattopadhyay |
| 260 ## - PUBLICATION, DISTRIBUTION, ETC. |
| Place of publication, distribution, etc. |
Ann Arbor, Mich. : |
| Name of publisher, distributor, etc. |
University Microfilms International, |
| Date of publication, distribution, etc. |
2007 |
| 300 ## - PHYSICAL DESCRIPTION |
| Extent |
xv, 290 p. |
| Dimensions |
22 cm. |
| 500 ## - GENERAL NOTE |
| General note |
Mimeographed copy of the Thesis by University Microfilms International, Ann Arbor, Mich. |
| 502 ## - DISSERTATION NOTE |
| Dissertation note |
Thesis(Ph.D) -- Brown University, Department of Anthropology, Rhode Island, 2007 |
| 504 ## - BIBLIOGRAPHY, ETC. NOTE |
| Bibliography, etc. note |
Includes bibliographical references |
| 650 #0 - SUBJECT ADDED ENTRY--TOPICAL TERM |
| Topical term or geographic name entry element |
Family violence |
| Geographic subdivision |
India |
| 9 (RLIN) |
909732 |
| 650 #0 - SUBJECT ADDED ENTRY--TOPICAL TERM |
| Topical term or geographic name entry element |
Family violence |
| General subdivision |
Cross-cultural studies |
| Geographic subdivision |
India |
| 9 (RLIN) |
909733 |
| 650 #0 - SUBJECT ADDED ENTRY--TOPICAL TERM |
| Topical term or geographic name entry element |
Marital violence |
| Geographic subdivision |
India |
| 9 (RLIN) |
909734 |
| 710 2# - ADDED ENTRY--CORPORATE NAME |
| Corporate name or jurisdiction name as entry element |
University Microfilms International |
| 9 (RLIN) |
699949 |
| 710 2# - ADDED ENTRY--CORPORATE NAME |
| Corporate name or jurisdiction name as entry element |
Brown University, Department of Anthropology, Rhode Island, 2007 |
| 9 (RLIN) |
909735 |
| 887 ## - NON-MARC INFORMATION FIELD |
| Content of non-MARC field |
dpathak |
| 901 ## - LOCAL DATA ELEMENT A, LDA (RLIN) |
| a |
565167 ; |
| b |
7.03.2011 |
| 902 ## - LOCAL DATA ELEMENT B, LDB (RLIN) |
| a |
E 362.82920954 C 392 |
| 904 ## - LOCAL DATA ELEMENT D, LDD (RLIN) |
| a |
dpathak |
| 949 ## - LOCAL PROCESSING INFORMATION (OCLC) |
| -- |
VIRTUAITEM |
| -- |
10000 |
| -- |
100 |
| 6 |
PUR000565167ENG |
| 942 ## - ADDED ENTRY ELEMENTS (KOHA) |
| Source of classification or shelving scheme |
Dewey Decimal Classification |
| Koha item type |
Books |